Statistics for All Tory Lanez Songs

Click here to take the quiz!

General Stats

  • This quiz has been taken 43 times
  • The average score is 60 of 351

Answer Stats

AlbumSong% Correct
I Told YouSay It
75%
I Told YouLuv
69%
Promo Single #4W
53%
The New Toronto 3Broke in a Minute
50%
Conflicts of My Soul: The 416 StoryKnow What's Up / The Take
50%
Chixtape 5The Take
50%
Chixtape 5Jerry Sprunger
44%
Chixtape IIIN***as Talk (Shit)
44%
Love Me Now?Talk to Me
44%
Love Me Now?Ferris Wheel
41%
The New Toronto 3Stupid Again
41%
Cruel IntentionsIn for It
38%
I Told YouFlex
34%
Chixtape IIIN.A.M.E.
34%
DAYSTARA Woman
31%
Memories Don't DieB.I.D
31%
The New Toronto 3Who Needs Love
31%
Love Me Now?Broke Leg
28%
Love Me Now?Cut Me Off
28%
Love Me Now?Drip Drip Drip
28%
T.L 2 T.OFreak
28%
Love Me Now?Freaky
28%
Conflicts of My Soul: The 416 StoryFriends
28%
I Told YouGuns and Roses
28%
Chixtape 4Intro
28%
I Told YouI Told You / Another One
28%
Single #12K Lo K
28%
Love Me Now?She Told Me
28%
Chixtape 5Still Waiting
28%
Chixtape 5The Trade
28%
The New Toronto 3Accidents Happen
25%
Cruel IntentionsActing Like
25%
The New Toronto 3Adidas
25%
I Told YouAll the Girls
25%
Love Me Now?Duck My Ex
25%
Love Me Now?Flexible
25%
Love Me Now?If It Ain't Right
25%
Love Me Now?KJM
25%
Love Me Now?Miami
25%
Chixtape 4N***a Skit Pt. 2
25%
The New TorontoOne Day
25%
The New Toronto 3Pricey & Spicy
25%
Chixtape 4Proud Family
25%
DAYSTARThe Most High
25%
Love Me Now?The Run Off
25%
Chixtape 5Thoughts
25%
I Told YouTo D.R.E.A.M.
25%
The New TorontoTraphouse
25%
The New Toronto 310 F**ks
22%
Chixtape 5A Fools Tale (Running Back)
22%
Memories Don't DieDon't Die
22%
The New Toronto 3Do the Most
22%
Single #8Forever
22%
I Told YouFriends with Benefits
22%
I Told YouHigh
22%
Cruel IntentionsHonda Civic
22%
Chixtape 5Jalissa's Back! (Skit)
22%
DAYSTARJokes on Me
22%
Love Me Now?Keep in Touch
22%
Memories Don't DieMemories
22%
DAYSTARMoney Over Fallouts
22%
Cruel IntentionsN.I.N.A.
22%
DAYSTARQueen and Slim
22%
Memories Don't DieReal Thing
22%
Chixtape IIIS M N
22%
Love Me Now?S.W.I.N.G.
22%
Single #13Temperature Rising
22%
The New Toronto 3The Coldest Playboy
22%
Chixtape 5The Cry
22%
Chixtape 5The Fargo Splash
22%
The World Is Yours 2Tic Toc
22%
Chixtape 5Yessirr
22%
Love Me Now?You Thought Wrong
22%
Memories Don't Die48 Floors
19%
I Told You4AM Flex
19%
Memories Don't Die4 Me
19%
Chixtape 4Aaliyah
19%
The New Toronto 3Back in Business
19%
Chixtape 5Beauty in the Benz
19%
DAYSTARBittersweet
19%
Chixtape 5Broken Promises
19%
Chixtape IIICame 4 Me
19%
I Told YouCold Hard Love
19%
Memories Don't DieDance for Me
19%
Promo SingleDiego
19%
Chixtape 4Differences
19%
I Told YouDirty Money
19%
International FargoFALL
19%
Cruel IntentionsFallback
19%
DAYSTARFriends Become Strangers
19%
Memories Don't DieHypnotized
19%
Single #3I Sip
19%
DAYSTARJust Got It Done
19%
Chixtape IIIKeisha
19%
Single #2LA Confidential
19%
Chixtape 5Last Love Letter (Skit)
19%
The New TorontoLetter to the City
19%
The New Toronto 3Letter to the City 2
19%
I Told YouLoners Blvd
19%
Chixtape IIILooks
19%
Chixtape 5Luv Ya Girl // Love Sounds
19%
Memories Don't DieOld Friends x New Foes
19%
Mr. Peterson | SwaveyOutro
19%
Memories Don't DiePieces
19%
I Told YouQuestion Is
19%
Chixtape IIRain
19%
Chixtape 5Room 112
19%
Chixtape IIISave It
19%
Lost CauseSelfish / York University
19%
Memories Don't DieShooters
19%
Memories Don't DieSkrt Skrt
19%
Chixtape 4Slow Down
19%
Chixtape 4Slow Grind
19%
DAYSTARSolar Drive @ Night
19%
The VVS CapsuleStaccato
19%
SwaveySwavey
19%
The New Toronto 2Talk to Me Nice / Fargo Season
19%
Chixtape IIT.L.C.
19%
Conflicts of My Soul: The 416 StoryUp (Fell in Love)
19%
Chixtape IIIWalked Out
19%
Love Me Now?Why Don't You Love Me?
19%
Chixtape IIIYou Got It Worse...
19%
Chixtape 41 Call
16%
Single #102 Cups
16%
The VVS Capsule392
16%
Chixtape IIAll That
16%
The New Toronto 2Anyway
16%
DAYSTARA Poem from Me 2 You
16%
Lost CauseA Week Straight
16%
The New Toronto 2Bal Harbour
16%
Memories Don't DieBenevolent
16%
Chixtape 5Best of You // Busted (Skit)
16%
SingleB.L.O.W.
16%
The New Toronto 2Came Thru
16%
DAYSTARCare for You
16%
Memories Don't DieConnection
16%
Chixtape IICrew
16%
The New Toronto 3D.N.D.
16%
The New Toronto 3Dope Boy's Diary
16%
The New Toronto 2DopeMan Go
16%
Chixtape IIGirl Is Mine
16%
Lost CauseGold
16%
Lost CauseGrandma's Crib
16%
Memories Don't DieHappiness x Tell Me
16%
One Verse One HearseHate Freestyle
16%
Memories Don't DieHate to Say
16%
Lost CauseHenny in Hand
16%
Memories Don't DieHillside
16%
Lost CauseI-95
16%
Chixtape 4Ignition
16%
Chixtape 4Just a Friend
16%
Just LandedJust Landed
16%
Promo Single #3Karrueche
16%
The BagLeaning
16%
DAYSTARLife
16%
The New TorontoMakaveli
16%
Lost CauseMama Told Me
16%
Single #7Melee
16%
Mr. PetersonMr. Peterson (Intro)
16%
Chixtape 4Need a Girl
16%
The New Toronto 3P.A.I.N
16%
Single #5Pa Mí
16%
Lost CausePriceless
16%
Sincerely TorySincerely Tory
16%
International FargoSOCO
16%
DAYSTARSorry But I Had To...
16%
Chixtape IISummin
16%
Chixtape IIS.W.A.V.E. Radio (Interlude)
16%
Chixtape IIS.W.A.V.E. Radio Pt III (Interlude)
16%
Chixtape IIS.W.A.V.E. Radio Pt II (Interlude)
16%
Lost CauseThe Godfather
16%
Lost CauseThe Mission
16%
DAYSTARThings I Should of Said
16%
International FargoTOUCHDOWN
16%
Chixtape IIU.N.I.T.Y.
16%
DAYSTARWhat's Kulture ??
16%
Chixtape 4What's Luv
16%
Lost CauseWith It / We Did It
16%
Swavey10 Times
13%
Just Landed2Nite
13%
ChixtapeAccordian
13%
Just LandedA Kiss of the Good Life
13%
Mr. 1 Verse KillahAll I Want Is You
13%
One Verse One HearseAll the Way Turnt Up Freestyle
13%
One Verse One HearseAmbitionz Az a Ridah Freestyle
13%
Mr. 1 Verse KillahAston Martin Music
13%
ChixtapeAyo
13%
One Verse One HearseBack to Da Crib Freestyle
13%
The New Toronto 2Bartenders & Spenders
13%
Memories Don't DieB.B.W.W x Fake Show
13%
Mr. PetersonBeautiful Place
13%
SwaveyBeautiful Refugee
13%
Mr. 1 Verse KillahBlack and Yellow
13%
Sincerely ToryBlame My Ex
13%
Chixtape 5Blowin' Mine's // Leah's Introduction (Skit)
13%
Just LandedBlow It Together
13%
The New Toronto 2Bodmon Song
13%
Just LandedCANADA!
13%
T.L 2 T.OCan't Stop Me Freestyle
13%
Sincerely ToryCarolina High
13%
T.L 2 T.OCaucasian Girls
13%
T.L 2 T.OCloser
13%
Conflicts of My Soul: The 416 StoryColt 95
13%
I Told YouCome Back to Me
13%
The New Toronto 2Dancin'
13%
International FargoDJADJA
13%
Conflicts of My Soul: The 416 StoryD.O.E / The Lights
13%
ChixtapeDo It for Me
13%
ChixtapeDon't I Know Ya
13%
ChixtapeDrive You Home
13%
Lost CauseDry Your I's
13%
Mr. PetersonEverything I Ever Wanted
13%
Just LandedFaded
13%
Ignant Sh*tFaded (Freestyle)
13%
Just LandedFeel Alive
13%
Single #9Feel It Too
13%
Conflicts of My Soul: The 416 StoryF**king Awesome
13%
SwaveyF.L.Y.
13%
Just LandedFly to the Beach
13%
Conflicts of My Soul: The 416 StoryFourteen & 40s
13%
Sincerely ToryFriday the 13th
13%
Conflicts of My Soul: The 416 StoryG.A.N.G. !@#$%
13%
T.L 2 T.OGetaway
13%
T.L 2 T.OGo Hard
13%
SwaveyHappy Hour
13%
Conflicts of My Soul: The 416 StoryHate Me on the Low / The Suggestion
13%
Sincerely ToryHigh Notes
13%
Sincerely ToryHighschool Memories
13%
Just LandedHollywood Life
13%
Mr. 1 Verse KillahHot Toddy
13%
Just LandedHow We Smoke
13%
Conflicts of My Soul: The 416 StoryIcey Dicey
13%
Chixtape 5If You Gotta...
13%
SwaveyI Go
13%
Sincerely ToryI'm Gone Have It (Interlude)
13%
Ignant Sh*tI'm Good (Freestyle)
13%
Just LandedI'm Ready
13%
One Verse One HearseI'm So Appalled Freestyle
13%
T.L 2 T.OIn Love with Her
13%
T.L 2 T.OInternet Girl
13%
DAYSTARIn the Air
13%
Chixtape IIJalissa's Friends (Interlude)
13%
Chixtape IIIJalissa's Friends Pt. 2 (Skit)
13%
Chixtape IIJalissa's Intro
13%
ChixtapeJunior High
13%
Chixtape IIIJuvenile (Freestyle)
13%
Chixtape IIIKeisha's Intro (Skit)
13%
The New TorontoKids from the West
13%
SwaveyLaid Back Fun
13%
ChixtapeLet Me Know
13%
T.L 2 T.OLiquor
13%
DAYSTARLook How GOD Works
13%
The New TorontoLord Knows Pt. 2
13%
ChixtapeLoud
13%
One Verse One HearseLove Come Down Freestyle
13%
Just LandedMafioso
13%
The BagMarch 2nd
13%
Single #4Miss You
13%
The BagMore Than Friends
13%
Conflicts of My Soul: The 416 StoryMs. Backseat Love / The Gut Feeling
13%
The New Toronto 3Msg 4 God's Children
13%
Mr. PetersonMurcielago
13%
One Verse One HearseMy Town Freestyle
13%
The New TorontoNew Toronto
13%
The New Toronto 2New Year / $auce Baby
13%
Just LandedNice & Slow
13%
Single #11Numb
13%
Sincerely ToryOn a F**king Lean
13%
Just LandedOne Night Lover
13%
The New TorontoOther Side
13%
T.L 2 T.OOut the Park
13%
SwaveyPandora Swave
13%
The New Toronto 3Penthouse Red
13%
One Verse One HearsePronto Freestyle
13%
Ignant Sh*tPurple Swave (Freestyle)
13%
Ignant Sh*tRack City (Freestyle)
13%
T.L 2 T.ORegular
13%
Sincerely ToryRemembrance Day
13%
T.L 2 T.ORestricted Raven
13%
Conflicts of My Soul: The 416 StoryReturn of the G
13%
Chixtape IIR.I.D.E.
13%
The New TorontoRound Here
13%
One Verse One HearseSay Ahh Freestyle
13%
Mr. PetersonSay Hello
13%
One Verse One HearseSay Something Freestyle
13%
The New Toronto 2Set It Off x Better
13%
Sincerely TorySextasy
13%
One Verse One HearseSexy B***h Freestyle
13%
Mr. PetersonShe Used to be Mine
13%
Mr. PetersonShot 4 Later
13%
Ignant Sh*tShot Caller (Freestyle)
13%
SwaveyShotgun
13%
Sincerely ToryShut Up
13%
Mr. PetersonSituation
13%
SwaveySlept on You
13%
Mr. PetersonSpaceship
13%
Mr. 1 Verse KillahSpeaking Tongues
13%
Ignant Sh*tStay Schemin (Freestyle)
13%
Ignant Sh*tStay Schemin (Interlude)
13%
SwaveyStill Cute
13%
Sincerely ToryStolen Hearts
13%
Sincerely ToryStupido
13%
SwaveyStyll
13%
Just LandedSummer Love
13%
The New Toronto 2Super Freak
13%
Mr. 1 Verse KillahSuper High
13%
Just LandedTake Care of Your Daughters
13%
Conflicts of My Soul: The 416 StoryTaken x G Party
13%
T.L 2 T.OT Dot Girls
13%
Mr. PetersonThank You Mama
13%
Sincerely ToryThe Doowop Kid (Interlude)
13%
SwaveyThe Making
13%
The New TorontoThem Days
13%
Sincerely ToryThe Morning After
13%
Ignant Sh*tThe Motto (Freestyle)
13%
One Verse One HearseThe Prequel
13%
International FargoTOAST
13%
ChixtapeTonight
13%
Just LandedTop of the World
13%
T.L 2 T.OUnstoppable Freestyle
13%
Sincerely ToryWarchild
13%
T.L 2 T.OWe Just Ride
13%
Just LandedWhatcha Doin Tonight
13%
Just LandedWhatcha Saying
13%
ChixtapeWhen You're Comfortable
13%
SwaveyWhere My Problems Go
13%
Sincerely ToryWings
13%
SwaveyWinnerlude
13%
SwaveyWooden Beads
13%
The New TorontoWoods
13%
The New Toronto 2Wraith Talk
13%
Sincerely ToryYou Shouldn't Have
13%
Mr. 1 Verse KillahDark Fantasy
9%
Conflicts of My Soul: The 416 StoryDJ Drama's Presentation
9%
Conflicts of My Soul: The 416 StoryDriver
9%
Mr. PetersonFeet on the Ground
9%
One Verse One HearseHow Long Can You Go Freestyle
9%
The New Toronto 2LICK x Drive You Crazy
9%
Mr. 1 Verse KillahLight Up
9%
Mr. 1 Verse KillahMiss Me
9%
Conflicts of My Soul: The 416 StoryMugz's Advi$e
9%
Single #6Not Today
9%
T.L 2 T.OSay What's Ill
9%
Ignant Sh*tSpend It (Freestyle)
9%
Mr. 1 Verse KillahStart It Up
9%
Promo Single #2Stuck on You
9%
SwaveyWind It
9%
Sincerely ToryApartment 130
6%
Sincerely ToryStripclub in Las Vegas
6%
Chixtape IISummer Part II
6%

Score Distribution

Percentile by Number Answered

Percent of People with Each Score

Your Score History

You have not taken this quiz